Archivo General de la Nación : Catálogo del ramo de Diezmos /
La documentación de este ramo está integrada por la información eclesiástica que produjo la administración del diezmo en México. Está concentrada en 23 volúmenes y la mayor parte de las noticias es sobre el siglo XVIII, aunque hay del siglo XVI y XIX.
Guardat en:
| Autor corporatiu: | |
|---|---|
| Altres autors: | |
| Format: | Llibre |
| Idioma: | espanyol |
| Publicat: |
México :
Archivo General de la Nación, Departamento de Publicaciones,
1978, c1978
|
| Col·lecció: | (Guías y Catálogos AGN ;
23) |
| Matèries: | |
| Etiquetes: |
Sense etiquetes, Sigues el primer a etiquetar aquest registre!
|
MARC
| LEADER | 00000nam^a2200000^a^4500 | ||
|---|---|---|---|
| 001 | 000380610 | ||
| 005 | 20250623000000.0 | ||
| 009 | 20260310120610.051 | ||
| 037 | |a Acervo ITESO - Biblioteca | ||
| 041 | |a ESP | ||
| 082 | |a 972. |b AGN GUI V. 23 | ||
| 110 | |a Archivo General de la Nación (México) | ||
| 245 | 1 | 0 | |a Archivo General de la Nación : |b Catálogo del ramo de Diezmos / |c AGN, A. López Guerrero. |
| 246 | 2 | |a Título en la cubierta: Ramo de Diezmos | |
| 264 | 4 | |a México : |b Archivo General de la Nación, Departamento de Publicaciones, |c 1978, c1978 | |
| 300 | |a 40 h. | ||
| 336 | |a texto |b txt |2 rdacontenido | ||
| 337 | |a sin mediación |b n |2 rdamedio | ||
| 338 | |a volumen |b nc |2 rdasoporte | ||
| 440 | 1 | |a (Guías y Catálogos AGN ; |v 23) | |
| 520 | |a La documentación de este ramo está integrada por la información eclesiástica que produjo la administración del diezmo en México. Está concentrada en 23 volúmenes y la mayor parte de las noticias es sobre el siglo XVIII, aunque hay del siglo XVI y XIX. | ||
| 649 | |a XX | ||
| 650 | |a Catálogos de Archivos - |z México (Ciudad) | ||
| 650 | |a Catálogos de Archivos - |z México | ||
| 650 | |a Archivo General de la Nación - |z México - |x Tema Principal | ||
| 650 | |a Archivos - |z México (Ciudad) | ||
| 650 | |a Archivos - |z México | ||
| 650 | |a Iglesia y Estado - |z México - |x Historia - |y Epoca Colonial, 1517-1821 - |x Documentos | ||
| 650 | |a Iglesia Católica en México - |x Historia - |y Epoca Colonial, 1517-1821 - |x Documentos | ||
| 650 | |a Diezmos - |z México - |x Historia - |y Epoca Colonial, 1517-1821 - |x Documentos - |x Tema Principal | ||
| 650 | |a Catolicismo - |z México - |x Historia - |y Epoca Colonial, 1517-1821 - |x Documentos | ||
| 650 | |a Cristianismo - |z México - |x Historia - |y Epoca Colonial, 1517-1821 - |x Documentos | ||
| 650 | |a México - |x Historia - |y Epoca Colonial, 1517-1821 - |x Documentos | ||
| 650 | |a México - |x Historia - |x Documentos | ||
| 700 | |a López Guerrero, Alberto |e (autor) | ||
| 910 | |a Fondo General | ||
| 920 | |a Impresos - Libros | ||
| 930 | |a Colección General | ||
| 905 | |a 101 | ||
| 901 | |a 0500275465 |b IT1 |c ACC |i D78824 |u 20250623 | ||
| 902 | |a https://opac.biblio.iteso.mx/vufind/Record/000380610 | ||